Statistics for Ultimate NBA Quiz(Not Clickbait) Made for KOT4Q

Click here to take the quiz!

General Stats

  • This quiz has been taken 60 times
  • The average score is 11 of 30

Answer Stats

QuestionAnswer% Correct
Which one of these statements is FALSE?Michael Jordan is the NBA Logo
69%
Which future Hall of Famer is Jewish and spoke Hebrew on the basketball court so that no one could understand what he was saying?Amar'e Stoudemire
60%
Who did Michael Jordan crossover to hit the game winning shot against the Jazz in Game 6 in 1998 Finals?Bryon Russell
57%
What famous shoe was banned by David Stern and the NBA in 1986?Air Jordan 1 High
55%
Which former NBA legend said "I don't want to play 10 years in the NBA and die of a heart attack at 40"? The player actually had a 10 year career and died of a heart attack at age 40.Pete Maravich
50%
How many points did LeBron James score against the Charlotte Bobcats on March 3, 2014?61
47%
How many rebounds did Wilt Chamberlain grab in his NBA record setting performance?55
47%
Other than Dirk, which Mavericks player outscored LeBron James in the 2011 Finals?Jason Terry
43%
Which team had a 10 game winning streak and a 10 game losing streak in the same season?Phoenix Suns
43%
Which 2 teams played in the first NBA game in 1946?New York Knicks and Toronto Huskies
41%
What team drafted Vince Carter?Golden State Warriors
38%
What was the point differential in the largest margin of victory in NBA history?68
38%
How many 60 point games does Wilt Chamberlain have in his career?32
38%
What is Elgin Baylor's NBA Finals record?0-8
34%
What fake name did WIlt Chamberlain play under as a 16 year old dominating the pros in a pro league?George Marcus
33%
Besides 1981 and 1986, what other year did the Boston Celtics win the championship in the 80's?1984
33%
Who did the Milwaukee Bucks beat in the 1971 Finals?Los Angeles Lakers
33%
How many teams did Chucky Brown play for?12
31%
Which player has the most points scored through their first 3 starts since the NBA-ABA merger?Jeremy Lin
29%
Who has the record for the most steals in a playoff game in history?Allen Iverson
29%
Who was the 1981 NBA Finals MVP?Cedric Maxwell
29%
When did the NBL-BAA merge occur?1949
28%
How many free throws did Dwyane Wade shoot in the 2006 Finals?97
28%
Which Rockets player did Kermit Washington destroy in a fight that got him suspended for 26 games?Rudy Tomjanovich
28%
Who is 9th on the all time scoring list for the NBA?Moses Malone
21%
Which NBA legend was an All-Star in his Rookie year but did not win the Rookie of the Year award?Dikembe Mutombo
19%
Which former player was paid the absolute minimum wage of $21,049 per year for his contract?Larry Owens
19%
Which team is the only team history to have won both the Slam Dunk Contest and the 3-point Contest in the same year?Miami Heat
19%
How many Finals appearances does Shaq have?6
17%
How many championships did Bill Russell when he was a player and coach of the Celtics?2
12%

Score Distribution

Percentile by Number Answered

Percent of People with Each Score

Your Score History

You have not taken this quiz